The ten rules of Sam Walton : success secrets for remarkable results
In The 10 Rules of Sam Walton, author Michael Bergdahl offers you an insider's perspective of Mr. Sam's genius, by revealing the story behind the self-professed rules Walton embraced in order to become successful. Entwined in each of these rules are reoccurring themes of innovation, common...
Uloženo v:
| Hlavní autor: | |
|---|---|
| Médium: | Kniha |
| Jazyk: | Undetermined |
| Vydáno: |
Hoboken, N.J.
John Wiley
2006
|
| Témata: | |
| Tagy: |
Přidat tag
Žádné tagy, Buďte první, kdo otaguje tento záznam!
|
| Thư viện lưu trữ: | Trung tâm Học liệu Trường Đại học Cần Thơ |
|---|
| LEADER | 01075nam a2200229Ia 4500 | ||
|---|---|---|---|
| 001 | CTU_165565 | ||
| 008 | 210402s9999 xx 000 0 und d | ||
| 020 | |c 17.47 | ||
| 082 | |a 658.409 | ||
| 082 | |b B495 | ||
| 100 | |a Bergdahl, Michael | ||
| 245 | 4 | |a The ten rules of Sam Walton : | |
| 245 | 0 | |b success secrets for remarkable results | |
| 245 | 0 | |c Michael Bergdahl ; foreword by Rob Walton | |
| 260 | |a Hoboken, N.J. | ||
| 260 | |b John Wiley | ||
| 260 | |c 2006 | ||
| 520 | |a In The 10 Rules of Sam Walton, author Michael Bergdahl offers you an insider's perspective of Mr. Sam's genius, by revealing the story behind the self-professed rules Walton embraced in order to become successful. Entwined in each of these rules are reoccurring themes of innovation, common sense, hard work, the power of positive thinking, and how to treat people. | ||
| 650 | |a Retail trade,Industrial management,Kinh doanh bán lẻ,Quản lý công nghiệp | ||
| 650 | |x Management,Quản lý | ||
| 904 | |i Khoa, Năm | ||
| 980 | |a Trung tâm Học liệu Trường Đại học Cần Thơ | ||